000 00868cam a2200289 4500
001 14739
003 BD-RjUL
005 20211208235701.0
008 140208s1970 njua b 001 0 eng d
020 _a0691041946
035 _a(BD-RjUL)14793
040 _aDLC
_cDLC
_dDLC
_dBD-RjUL
_beng
041 _aeng
082 0 0 _a343.52072
_bHAA 1970
100 1 _aHadley, Eleanor M.
_945920
245 1 0 _aAntitrust in Japan /
_cby Eleanor M. Hadley.
260 _aPrinceton, N.J. :
_bPrinceton University Press,
_c1970.
300 _a528 p. :
_billus. ;
_c25 cm.
350 _a18.50
504 _aIncludes Bibliography and Index
650 0 _aAntitrust law
_zJapan.
_945921
650 0 _aTrusts, Industrial
_zJapan
_xHistory.
_945922
651 0 _aJapan
_xEconomic policy
_y1945-1989.
_945923
942 _2ddc
_cBK
999 _c14739
_d14739